Die kleinsten Länder Europas - Statistiken

Allgemein
  • Dieses Quiz wurde 347 mal gespielt
  • Das Durchschnittsergebnis liegt bei 9 aus 10
Antwortstatistiken
Fläche Land % Korrekt
0,44 km² Vatikanstadt
99%
160, 5 km² Liechtenstein
98%
468 km² Andorra
96%
2.596 km² Luxemburg
96%
2,03 km² Monaco
96%
61 km² San Marino
96%
316 km² Malta
91%
10.887 km² Kosovo
81%
13.812 km² Montenegro
75%
20.253 km² Slowenien
61%
Keine übereinstimmenden Quizze gefunden
Verteilung der Resultate
Anzahl Personen mit jedem Resultat
Perzentil nach korrekt beantworteten Fragen
Ihre Resultats-Entwicklung
Sie haben dieses Quiz noch nicht gespielt